[Event "XXXIII Memorial Edoardo Crespi B"]
[Site "Milano ITA"]
[Date "2012.12.09"]
[Round "6"]
[White "Lamperti, Gianloris"]
[Black "Versari, Marino"]
[WhiteElo "1679"]
[BlackElo "1583"]
[Result "1-0"]
[PlyCount "35"]
[EventDate "2012.12.05"]

1. d4 d5 2. c4 e6 3. Nc3 Nf6 4. Nf3 c5 5. cxd5 Nxd5 6. Nxd5 Qxd5 7. Bf4 Bd6 8.
Bxd6 Qxd6 9. dxc5 Qxc5 10. a3 Qa5+ 11. b4 Qb6 12. Qc2 h6 13. Qxc8+ Qd8 14. Qxb7
Nd7 15. Rd1 Rb8 16. Qc6 Rb6 17. Qc4 f6 18. e3 1-0

[Event "XXXIII Memorial Edoardo Crespi B"]
[Site "Milano ITA"]
[Date "2012.12.09"]
[Round "6"]
[White "Lavorgna, Filippo"]
[Black "Conta, Diego"]
[WhiteElo "1452"]
[BlackElo "1656"]
[Result "1-0"]
[PlyCount "73"]
[EventDate "2012.12.05"]

1. d4 Nf6 2. c4 g6 3. Nc3 d5 4. cxd5 Nxd5 5. e4 Nxc3 6. bxc3 Bg7 7. Bc4 c5 8.
Be3 O-O 9. Ne2 Nc6 10. Qd2 e5 11. d5 Na5 12. Bd3 c4 13. Bc2 b6 14. O-O Nb7 15.
a4 f5 16. exf5 gxf5 17. f4 e4 18. Rfd1 Nd6 19. Bd4 Rf7 20. Bxg7 Rxg7 21. Nd4
Bd7 22. Ne6 Qe7 23. Nxg7 Qxg7 24. Re1 h5 25. Re3 h4 26. Rh3 Qf6 27. Rd1 Kf7 28.
Re1 Ke7 29. Qf2 Rh8 30. a5 Nb7 31. axb6 axb6 32. Rb1 Nc5 33. Rb4 Nd3 34. Bxd3
cxd3 35. Qe1 Rc8 36. Rxd3 Kd6 37. Rxb6+ 1-0

[Event "XXXIII Memorial Edoardo Crespi B"]
[Site "Milano ITA"]
[Date "2012.12.09"]
[Round "6"]
[White "Lavorgna, Francesco"]
[Black "Frignani, Alessandro"]
[WhiteElo "1419"]
[BlackElo "1344"]
[Result "1-0"]
[PlyCount "105"]
[EventDate "2012.12.05"]

1. d4 d5 2. c4 c6 3. Nc3 e6 4. Nf3 Nd7 5. Bf4 dxc4 6. e4 b5 7. a4 b4 8. Na2 Qa5
9. Bxc4 Ba6 10. Qe2 Bxc4 11. Qxc4 Qxa4 12. O-O a5 13. Nc1 Qxa1 14. Qxc6 Rd8 15.
Bc7 Rc8 16. Ne5 Ngf6 17. Nxd7 Nxd7 18. Qb7 Rd8 19. Bxd8 Kxd8 20. Nd3 Qa4 21.
Rc1 b3 22. Ne5 Ke7 23. Nxd7 Qxd4 24. Nxf8+ Kf6 25. Nd7+ Kg6 26. Qc7 f6 27. Nc5
Rd8 28. Qg3+ Kf7 29. Qxb3 Rd6 30. h3 Qe5 31. Qc3 Qg5 32. Re1 Rc6 33. e5 f5 34.
Qxa5 Qe7 35. b4 Kg6 36. Qb5 Qc7 37. Qd3 Rb6 38. Qd7 Qb8 39. Nxe6 Rb7 40. Qd6
Rxb4 41. Qxb8 Rxb8 42. Nf4+ Kf7 43. e6+ Ke7 44. Kh2 Rb6 45. Kg3 Rb3+ 46. Kh4
Rb4 47. Kg5 Rb5 48. Rd1 h6+ 49. Kg6 Rb2 50. Rd7+ Ke8 51. Nd5 Rxf2 52. Nc7+ Kf8
53. e7+ 1-0

[Event "XXXIII Memorial Edoardo Crespi B"]
[Site "Milano ITA"]
[Date "2012.12.09"]
[Round "6"]
[White "Libutti, Michele"]
[Black "Aloe, Giancarlo"]
[WhiteElo "1736"]
[BlackElo "1666"]
[Result "1/2-1/2"]
[PlyCount "90"]
[EventDate "2012.12.05"]

1. d4 d5 2. c4 e6 3. Nc3 Nf6 4. Bg5 Be7 5. e3 Nbd7 6. Nf3 h6 7. Bh4 O-O 8. Bd3
b6 9. cxd5 exd5 10. Rc1 Bb7 11. O-O c5 12. Re1 Ne4 13. Bxe7 Qxe7 14. Nd2 Ndf6
15. f3 Ng5 16. dxc5 bxc5 17. e4 Qd8 18. exd5 Bxd5 19. Nxd5 Qxd5 20. Nc4 Qd4+
21. Kh1 Rad8 22. Bf1 Qf2 23. Qc2 Qh4 24. Rcd1 Nh5 25. Kg1 Rde8 26. Qf2 Qf4 27.
Qxc5 Rc8 28. Qd4 Qc7 29. Qe5 Qc6 30. b3 Rfe8 31. Qc3 Qc5+ 32. Kh1 Rxe1 33. Qxe1
Nf4 34. Qd2 Nfe6 35. Qd5 Qf2 36. Qd2 Qh4 37. Qe1 Qf4 38. Qf2 Ne4 39. Qe1 N4g5
40. Qg3 Qf6 41. Bd3 Rd8 42. Qe1 Nd4 43. Be4 Nxe4 44. Qxe4 Ne6 45. Rxd8+ Qxd8
1/2-1/2

[Event "XXXIII Memorial Edoardo Crespi B"]
[Site "Milano ITA"]
[Date "2012.12.09"]
[Round "6"]
[White "Marinescu, Gheorge"]
[Black "Mazza, Domenico"]
[WhiteElo "1618"]
[BlackElo "1565"]
[Result "1-0"]
[PlyCount "101"]
[EventDate "2012.12.05"]

1. Nf3 d5 2. d4 Nc6 3. h3 g6 4. b3 Bg7 5. e3 Nf6 6. Bb2 O-O 7. Bd3 Nb4 8. Be2
Bf5 9. Na3 Rc8 10. Nh4 Bd7 11. c3 Nc6 12. g4 e5 13. Nf3 e4 14. Nd2 a6 15. Qc2
b5 16. b4 Rb8 17. O-O-O a5 18. Bxb5 axb4 19. Bxc6 Bxc6 20. cxb4 Qd7 21. Bc3 Ra8
22. Kb2 Ba4 23. Nb3 Ra7 24. Nb1 Rfa8 25. a3 Bb5 26. Nc5 Qc6 27. g5 Nd7 28. h4
Nxc5 29. dxc5 Ba4 30. Qd2 Bxd1 31. Rxd1 Bxc3+ 32. Qxc3 Qd7 33. Qe5 c6 34. Rh1
Qg4 35. Rc1 Qxh4 36. Qf6 Ra6 37. Rc2 Re8 38. b5 Rb8 39. b6 Qg4 40. Qxc6 Qxg5
41. Qc7 Qf6+ 42. Rc3 Rba8 43. b7 Qxf2+ 44. Ka1 Qe1 45. bxa8=Q+ Rxa8 46. Qb7 Rd8
47. c6 d4 48. exd4 Rxd4 49. c7 Rd1 50. c8=Q+ Kg7 51. Qc5 1-0

[Event "XXXIII Memorial Edoardo Crespi B"]
[Site "Milano ITA"]
[Date "2012.12.09"]
[Round "6"]
[White "Mingolla, Patrizio"]
[Black "Brambilla, Luca Massimo"]
[WhiteElo "1654"]
[BlackElo "1692"]
[Result "0-1"]
[PlyCount "87"]
[EventDate "2012.12.05"]

1. e4 e6 2. d4 d5 3. exd5 exd5 4. Bb5+ c6 5. Bd3 Bd6 6. Nf3 Nf6 7. Be3 Qb6 8.
Qc1 Be6 9. Nbd2 Ng4 10. Nb3 Nxe3 11. Qxe3 h6 12. Ne5 O-O 13. O-O Nd7 14. f4
Rae8 15. Kh1 a5 16. f5 Bxf5 17. Rxf5 Nxe5 18. Qd2 Nxd3 19. Qxd3 a4 20. Nd2 Re7
21. a3 Qxb2 22. Rff1 Qb6 23. Rab1 Qc7 24. g3 Rfe8 25. Rf3 Re1+ 26. Rf1 Rxf1+
27. Rxf1 Qe7 28. c4 Qe2 29. Qf5 f6 30. Rf2 Qe6 31. Qg6 Re7 32. c5 Bc7 33. Qc2
Qe3 34. Nf3 Qxa3 35. Nh4 Qa1+ 36. Kg2 Qxd4 37. Qa2 Re1 38. Nf3 Qe4 39. Qd2 Re3
40. Qb2 Rb3 41. Qa2 g5 42. h3 g4 43. hxg4 Qxg4 44. Nd2 0-1

[Event "XXXIII Memorial Edoardo Crespi B"]
[Site "Milano ITA"]
[Date "2012.12.09"]
[Round "6"]
[White "Nordio, Giorgio"]
[Black "Madaschi, Sergio"]
[WhiteElo "1626"]
[BlackElo "1516"]
[Result "1-0"]
[PlyCount "41"]
[EventDate "2012.12.05"]

1. c4 c6 2. Nc3 Nf6 3. Nf3 d5 4. cxd5 cxd5 5. d4 e6 6. g3 Nc6 7. Bg2 Be7 8. O-O
O-O 9. b3 Bd7 10. Ne5 Be8 11. Bb2 a6 12. Rc1 Bd6 13. f4 Rc8 14. Qd2 Qe7 15. Kh1
Ba3 16. e3 Bxb2 17. Qxb2 Nxe5 18. dxe5 Ng4 19. Nxd5 Qd8 20. Rxc8 Qxc8 21. Ne7+
1-0

[Event "XXXIII Memorial Edoardo Crespi B"]
[Site "Milano ITA"]
[Date "2012.12.09"]
[Round "6"]
[White "Olivo, Mario"]
[Black "Milano, Maria"]
[WhiteElo "1798"]
[BlackElo "1636"]
[Result "1/2-1/2"]
[PlyCount "128"]
[EventDate "2012.12.05"]

1. c4 e6 2. g3 Nf6 3. Bg2 d5 4. Nc3 c6 5. Qb3 Be7 6. d3 O-O 7. Bf4 Qa5 8. Bd2
Qb6 9. Qxb6 axb6 10. Nf3 Nbd7 11. cxd5 exd5 12. O-O Re8 13. h3 Nc5 14. Nd4 Bd6
15. f4 Ne6 16. Nxe6 Bxe6 17. e3 Bd7 18. Rfe1 Bb4 19. a3 Bxc3 20. Bxc3 Re6 21.
f5 Re7 22. Bf1 Bxf5 23. g4 Bg6 24. Kf2 Rae8 25. Rac1 h5 26. g5 Nd7 27. d4 Be4
28. b4 Nf8 29. Bb2 Ng6 30. Rc3 Nh4 31. Be2 g6 32. Rg1 Nf5 33. Bc1 Kg7 34. b5
Re6 35. Bd2 Nh4 36. a4 f6 37. Ra3 fxg5 38. Rxg5 Rf6+ 39. Ke1 Nf3+ 40. Bxf3 Rxf3
41. Rg1 Ref8 42. bxc6 bxc6 43. Bb4 R8f6 44. Be7 Rf7 45. Bd6 Rxh3 46. Be5+ Kh7
47. Bf4 Rf5 48. Ra2 Rh4 49. Rb2 Rg4 50. Rxg4 hxg4 51. Rxb6 Rf7 52. Rxc6 Ra7 53.
Rc7+ Rxc7 54. Bxc7 Bd3 55. Bf4 Kg7 56. Kf2 Kf6 57. a5 Kf5 58. Kg3 g5 59. Be5
Be2 60. Kf2 Bd3 61. Kg3 Be2 62. Bc7 Bd3 63. Bd8 Be2 64. Kf2 Bd3 1/2-1/2

[Event "XXXIII Memorial Edoardo Crespi B"]
[Site "Milano ITA"]
[Date "2012.12.09"]
[Round "6"]
[White "Pandini, Giuseppe"]
[Black "Bertora, Silvano"]
[WhiteElo "1762"]
[BlackElo "1618"]
[Result "0-1"]
[PlyCount "140"]
[EventDate "2012.12.05"]

1. f4 g6 2. Nf3 c6 3. e3 Bg7 4. Be2 d6 5. d4 Nd7 6. Bd2 Ngf6 7. c4 Ne4 8. O-O
f5 9. Nc3 Ndf6 10. Bd3 h6 11. Bxe4 fxe4 12. Ne1 Bg4 13. Qc2 Bf5 14. b4 e6 15.
g3 g5 16. Ng2 Qe7 17. c5 d5 18. b5 Nh5 19. bxc6 bxc6 20. Qa4 Qc7 21. Ne2 Bg4
22. Ba5 Qd7 23. Nc3 gxf4 24. Nxf4 Nxf4 25. exf4 Bf6 26. Nd1 h5 27. Ne3 Bf3 28.
Rab1 Rg8 29. Kf2 h4 30. Rg1 hxg3+ 31. hxg3 Kf7 32. Nf1 Rab8 33. Nh2 Bh5 34. Bc3
Be7 35. Rb3 Rxb3 36. Qxb3 Bd8 37. Rb1 Kf6 38. Qb8 Qc7 39. Qxc7 Bxc7 40. Rb7 Bb8
41. Ba5 Bd1 42. Rd7 Rh8 43. Bd8+ Kg6 44. Bh4 Bxf4 45. Nf1 Bc1 46. Rd6 Rf8+ 47.
Ke1 Bg4 48. Nh2 Kh5 49. Nxg4 Kxg4 50. Rxe6 Rc8 51. Rg6+ Kh3 52. Bg5 Bb2 53. Bf6
Rb8 54. Rh6+ Kg2 55. g4 Bc3+ 56. Kd1 Rb2 57. Be5 Rd2+ 58. Kc1 Rd3 59. Rh2+ Kg1
60. g5 Bxd4 61. Bd6 Be3+ 62. Kc2 Bxg5 63. Re2 Bf6 64. Re1+ Kf2 65. Rh1 Rc3+ 66.
Kd1 d4 67. Rh2+ Kg1 68. Rh6 Bg5 69. Rg6 Rc1+ 70. Ke2 d3# 0-1

[Event "XXXIII Memorial Edoardo Crespi B"]
[Site "Milano ITA"]
[Date "2012.12.09"]
[Round "6"]
[White "Paulovich, Adriano"]
[Black "D'Aste, Federico"]
[WhiteElo "1690"]
[BlackElo "1501"]
[Result "1-0"]
[PlyCount "57"]
[EventDate "2012.12.05"]

1. e4 d5 2. exd5 Nf6 3. d4 Bg4 4. Be2 Bxe2 5. Nxe2 Qxd5 6. O-O Nc6 7. c3 e6 8.
Nd2 Bd6 9. Nf3 O-O-O 10. Qa4 h6 11. b4 a6 12. Rb1 Qb5 13. Qc2 Ng4 14. h3 h5 15.
Ng3 Nf6 16. c4 Qb6 17. c5 Nxb4 18. Qb3 Bxc5 19. dxc5 Qa5 20. Qxb4 Qxb4 21. Rxb4
Nd5 22. Rb3 f6 23. Ba3 h4 24. Ne4 f5 25. Nc3 Nf4 26. Rfb1 Rdg8 27. Rxb7 g5 28.
c6 Kd8 29. Rb8# 1-0

[Event "XXXIII Memorial Edoardo Crespi B"]
[Site "Milano ITA"]
[Date "2012.12.09"]
[Round "6"]
[White "Pioggia, Massimiliano"]
[Black "Prevedello, Daniele"]
[WhiteElo "1622"]
[BlackElo "1495"]
[Result "1/2-1/2"]
[PlyCount "66"]
[EventDate "2012.12.05"]

1. d4 d5 2. c4 c6 3. Nc3 Nf6 4. Nf3 e6 5. Bg5 Be7 6. e3 O-O 7. cxd5 exd5 8. h3
a6 9. Bd3 Re8 10. Qc2 h6 11. Bf4 Bd6 12. Bxd6 Qxd6 13. O-O b5 14. Rfc1 Bb7 15.
Rab1 Nbd7 16. Nd2 Nb6 17. b3 a5 18. a4 b4 19. Ne2 Rac8 20. Nf4 Rc7 21. Qc5 Qxc5
22. Rxc5 Ra8 23. Rbc1 g5 24. Ne2 Nbd7 25. R5c2 Ne8 26. Ng3 Nd6 27. Nf5 Nxf5 28.
Bxf5 Nf8 29. Nf3 f6 30. Ne1 Kf7 31. Nd3 Ke7 32. Nc5 Ba6 33. f3 Kd6 1/2-1/2

[Event "XXXIII Memorial Edoardo Crespi B"]
[Site "Milano ITA"]
[Date "2012.12.09"]
[Round "6"]
[White "Piras, Yari"]
[Black "Botta, Massimiliano"]
[WhiteElo "1700"]
[BlackElo "1653"]
[Result "0-1"]
[PlyCount "36"]
[EventDate "2012.12.05"]

1. g3 d5 2. Bg2 c5 3. c4 e6 4. Nf3 Nc6 5. O-O Nf6 6. d3 g6 7. Bg5 Bg7 8. Nc3
Ne7 9. Qb3 b6 10. Nd2 Bb7 11. Rad1 Rb8 12. Qa4+ Bc6 13. Qa3 O-O 14. Bf4 Rc8 15.
Qxa7 Nh5 16. Qa3 Nxf4 17. gxf4 Nf5 18. Qb3 Nd4 0-1

[Event "XXXIII Memorial Edoardo Crespi B"]
[Site "Milano ITA"]
[Date "2012.12.09"]
[Round "6"]
[White "Pirrello, Christian"]
[Black "Nanni, Sergio"]
[WhiteElo "1602"]
[BlackElo "1650"]
[Result "1-0"]
[PlyCount "95"]
[EventDate "2012.12.05"]

1. e4 e5 2. Nf3 Nf6 3. Nc3 Bc5 4. Bc4 c6 5. Nxe5 Qe7 6. d4 O-O 7. Be3 Bb4 8. f3
d6 9. Nd3 Bxc3+ 10. bxc3 Nxe4 11. fxe4 Qxe4 12. Qf3 Qh4+ 13. g3 Qh3 14. O-O-O
Bg4 15. Qf1 Qh5 16. Rd2 d5 17. Nf4 Qh6 18. Be2 Bd7 19. Qf3 Qd6 20. Bd3 a5 21.
c4 dxc4 22. Bxc4 Qa3+ 23. Kd1 b5 24. Bd3 Qxa2 25. g4 a4 26. Ke2 Qa3 27. Bxb5
cxb5 28. Qxa8 Bc6 29. Qa5 Bxh1 30. Qxb5 Bc6 31. Qd3 Qd6 32. h4 Re8 33. Kf2 Qd7
34. Kg3 Qd6 35. c4 Nd7 36. Ra2 Ra8 37. d5 Ne5 38. Qc3 Bb7 39. c5 Qc7 40. d6 Qc6
41. Rf2 Nd7 42. Nh5 f6 43. g5 a3 44. gxf6 gxf6 45. Nxf6+ Nxf6 46. Qxf6 Qe8 47.
Bd4 Qd7 48. Qh8# 1-0

[Event "XXXIII Memorial Edoardo Crespi B"]
[Site "Milano ITA"]
[Date "2012.12.09"]
[Round "6"]
[White "Podetti, Davide"]
[Black "Fornari, Sergio"]
[WhiteElo "1712"]
[BlackElo "1629"]
[Result "1-0"]
[PlyCount "83"]
[EventDate "2012.12.05"]

1. e4 g6 2. d4 Bg7 3. Nc3 d6 4. Be3 Nd7 5. Qd2 e5 6. d5 h6 7. f3 b6 8. Nge2 a5
9. Nc1 Nc5 10. Nd3 f5 11. Nxc5 bxc5 12. Nb5 f4 13. Bf2 Nf6 14. Be2 O-O 15. g4
g5 16. h4 Nh7 17. hxg5 Nxg5 18. Bh4 Bf6 19. Bxg5 Bxg5 20. O-O-O Ba6 21. a4 Bxb5
22. Bxb5 Kg7 23. Rh5 Qe7 24. Bc6 Ra7 25. Rdh1 Qd8 26. Qh2 Rh8 27. c4 Ra6 28.
Bd7 Rb6 29. Bb5 Qf6 30. Qd2 Ra8 31. Rxg5+ Qxg5 32. Rh5 Qg6 33. Qg2 Rh8 34. Qd2
Ra8 35. Qe1 Rbb8 36. Bc6 Ra7 37. Qh4 Rf8 38. g5 Rh8 39. gxh6+ Rxh6 40. Qe7+ Kh8
41. Rg5 Qf6 42. Qe8+ 1-0

[Event "XXXIII Memorial Edoardo Crespi B"]
[Site "Milano ITA"]
[Date "2012.12.09"]
[Round "6"]
[White "Pollio, Ciro"]
[Black "Ricci, Leonardo"]
[WhiteElo "1714"]
[BlackElo "1540"]
[Result "1/2-1/2"]
[PlyCount "53"]
[EventDate "2012.12.05"]

1. d4 Nf6 2. c4 g6 3. Nc3 Bg7 4. e4 d6 5. Be3 O-O 6. f3 e5 7. d5 b6 8. Qd2 Ne8
9. g4 Qe7 10. h4 f5 11. gxf5 gxf5 12. Bg5 Bf6 13. Bh3 Na6 14. O-O-O f4 15. Bxc8
Rxc8 16. Nh3 Kh8 17. Rdg1 Ng7 18. Bh6 Rg8 19. Bxg7+ Rxg7 20. Rxg7 Qxg7 21. Rg1
Qh6 22. Ng5 Bxg5 23. hxg5 Qh3 24. Qg2 Qxg2 25. Rxg2 Nb8 26. Nd1 Rg8 27. Nf2
1/2-1/2

[Event "XXXIII Memorial Edoardo Crespi B"]
[Site "Milano ITA"]
[Date "2012.12.09"]
[Round "6"]
[White "Ragoso, Mario"]
[Black "Giordano, Giovanni"]
[WhiteElo "1656"]
[BlackElo "1437"]
[Result "1/2-1/2"]
[PlyCount "103"]
[EventDate "2012.12.05"]

1. e4 c5 2. c3 e6 3. Nf3 Nc6 4. d4 cxd4 5. Nxd4 Bc5 6. Be3 Qb6 7. b4 Bxd4 8.
Bxd4 Nxd4 9. Qxd4 Nf6 10. Qxb6 axb6 11. f3 d5 12. exd5 Nxd5 13. Bc4 Ne3 14.
Bb5+ Bd7 15. Bxd7+ Kxd7 16. Kd2 Nxg2 17. Rg1 Nh4 18. Rxg7 Nxf3+ 19. Ke2 Ne5 20.
h4 Rag8 21. Rxg8 Rxg8 22. Nd2 Rg2+ 23. Ke3 Rh2 24. Rd1 Ke7 25. Kf4 Ng6+ 26. Kg3
Rxh4 27. Nf3 Rc4 28. Rd3 f6 29. Nd4 h6 30. Nb5 Nf4 31. Rd6 Nd5 32. a4 Rxc3+ 33.
Kf2 Rb3 34. Rxe6+ Kf7 35. Rd6 Nxb4 36. Rxb6 Nd3+ 37. Ke2 Nc5 38. Nd6+ Kg6 39.
Rxb3 Nxb3 40. Nxb7 h5 41. a5 Nd4+ 42. Kf2 Nc6 43. a6 h4 44. Nc5 Kf5 45. Nb3 Kg4
46. Nd4 Na7 47. Kg2 f5 48. Kh2 f4 49. Ne2 Kf3 50. Ng1+ Kf2 51. Nh3+ Ke3 52. Ng5
1/2-1/2

[Event "XXXIII Memorial Edoardo Crespi B"]
[Site "Milano ITA"]
[Date "2012.12.09"]
[Round "6"]
[White "Resta, Andrea"]
[Black "Priori, Gabriele"]
[WhiteElo "1688"]
[BlackElo "1608"]
[Result "1-0"]
[PlyCount "83"]
[EventDate "2012.12.05"]

1. d4 Nf6 2. c4 g6 3. Nc3 Bg7 4. e4 d6 5. Be2 O-O 6. f4 Bd7 7. Nf3 Qe8 8. O-O
e5 9. fxe5 dxe5 10. Nxe5 Nc6 11. Nxd7 Nxd7 12. d5 Nce5 13. Be3 Qd8 14. Kh1 Nb6
15. Bd4 c5 16. Bxc5 Nbxc4 17. Bxc4 Nxc4 18. Bxf8 Qxf8 19. Qe2 Ne5 20. Rad1 a6
21. a4 h5 22. h3 Qd6 23. Rf2 Bf6 24. Qe3 Kg7 25. Rdf1 Be7 26. Ne2 Rf8 27. Qc3
g5 28. Rf5 f6 29. Nd4 Kg6 30. Nf3 Nd7 31. Nd2 Bd8 32. Nc4 Qc5 33. Ne5+ fxe5 34.
Qxc5 Nxc5 35. Rxf8 Ba5 36. R1f6+ Kg7 37. R6f7+ Kg6 38. Re7 Nxe4 39. Rf3 Nc5 40.
Rxe5 Bc7 41. Re1 Nxa4 42. Re6+ 1-0

[Event "XXXIII Memorial Edoardo Crespi B"]
[Site "Milano ITA"]
[Date "2012.12.09"]
[Round "6"]
[White "Romagnoli, Thomas"]
[Black "Gerosa, Davide"]
[WhiteElo "1709"]
[BlackElo "1539"]
[Result "1-0"]
[PlyCount "58"]
[EventDate "2012.12.05"]

1. e4 e6 2. d4 d5 3. Nc3 c5 4. exd5 exd5 5. Nf3 Bg4 6. Be2 Ne7 7. h3 cxd4 8.
Nxd4 Bxe2 9. Ncxe2 Nbc6 10. c3 Ng6 11. Be3 Be7 12. O-O O-O 13. Ng3 Re8 14. Qd2
Bf6 15. Rad1 Nce7 16. Rfe1 Ne5 17. b3 N5c6 18. Nh5 Bxd4 19. Bxd4 Nf5 20. Rxe8+
Qxe8 21. Qg5 Ncxd4 22. Nf6+ Kf8 23. Nxh7+ Kg8 24. Nf6+ Kf8 25. Nxe8 Rxe8 26.
cxd4 Nd6 27. Qxd5 Ne4 28. Re1 Nc3 29. Rxe8+ Kxe8 1-0

[Event "XXXIII Memorial Edoardo Crespi B"]
[Site "Milano ITA"]
[Date "2012.12.09"]
[Round "6"]
[White "Tannoia, Rocco"]
[Black "Macri', Vincenzo Roberto"]
[WhiteElo "1665"]
[BlackElo "1538"]
[Result "0-1"]
[PlyCount "52"]
[EventDate "2012.12.05"]

1. e4 e5 2. Bc4 c6 3. Bb3 Nf6 4. Nf3 d5 5. Nxe5 Qe7 6. d4 Nxe4 7. O-O Nd7 8.
Nxd7 Qxd7 9. Re1 Be7 10. f3 Nf6 11. Qe2 Qe6 12. Qf2 Qd6 13. Bg5 O-O 14. Bh4 Be6
15. c3 Qd7 16. Bc2 Rac8 17. Nd2 c5 18. Nb3 b6 19. Kh1 h6 20. Rad1 Rfe8 21. Bb1
Nh7 22. Bxe7 Rxe7 23. Re2 c4 24. Nd2 Rce8 25. Rde1 b5 26. a3 a5 0-1

[Event "XXXIII Memorial Edoardo Crespi B"]
[Site "Milano ITA"]
[Date "2012.12.09"]
[Round "6"]
[White "Trent, Alan M."]
[Black "Alidosi, Marco"]
[WhiteElo "1706"]
[BlackElo "1785"]
[Result "0-1"]
[PlyCount "58"]
[EventDate "2012.12.05"]

1. e4 c5 2. Nc3 Nc6 3. f4 g6 4. Nf3 Bg7 5. a3 e6 6. Bb5 Nge7 7. O-O O-O 8. d3
a6 9. Ba4 b5 10. Bb3 Bb7 11. Qe1 Na5 12. Ba2 d5 13. Qh4 b4 14. axb4 cxb4 15.
Ne2 dxe4 16. dxe4 Nec6 17. Qh3 Bc8 18. g4 b3 19. cxb3 Nb4 20. f5 f6 21. fxg6
hxg6 22. Bb1 Nxb3 23. Ng5 fxg5 24. Rxf8+ Qxf8 25. Qxb3 Bf6 26. Ra5 Nc6 27. Ra4
Bd7 28. Qd3 Ne5 29. Qh3 Bxa4 0-1

[Event "XXXIII Memorial Edoardo Crespi B"]
[Site "Milano ITA"]
[Date "2012.12.09"]
[Round "6"]
[White "Viotti, Alberto"]
[Black "Peroni, Gianpaolo"]
[WhiteElo "1588"]
[BlackElo "1500"]
[Result "1-0"]
[PlyCount "85"]
[EventDate "2012.12.05"]

1. d4 f5 2. Nf3 Nf6 3. c3 e6 4. Bg5 d5 5. e3 Be7 6. Bd3 O-O 7. O-O Nbd7 8. Nbd2
c5 9. Ne5 c4 10. Bc2 Qc7 11. Ndf3 Bd6 12. Bf4 Nh5 13. Nxd7 Bxd7 14. Bxd6 Qxd6
15. Ne5 Be8 16. Qf3 Nf6 17. Qh3 Ne4 18. f3 Ng5 19. Qg3 Nf7 20. f4 Nxe5 21. fxe5
Qe7 22. Rf4 g5 23. h3 Bg6 24. Rf2 f4 25. exf4 gxf4 26. Qg4 Kh8 27. Bxg6 hxg6
28. Raf1 g5 29. Qh5+ Kg8 30. Qg6+ Kh8 31. Qh5+ Kg8 32. Qg4 Rf7 33. Rxf4 Rxf4
34. Rxf4 Kg7 35. Rf6 Qxf6 36. exf6+ Kxf6 37. Qf3+ Kg6 38. Qe3 Re8 39. Qe5 b5
40. Qc7 a6 41. Qd7 Rf8 42. Qxe6+ Rf6 43. Qxd5 1-0

[Event "XXXIII Memorial Edoardo Crespi B"]
[Site "Milano ITA"]
[Date "2012.12.09"]
[Round "7"]
[White "Alidosi, Marco"]
[Black "Casamassima, Paolo"]
[WhiteElo "1785"]
[BlackElo "1657"]
[Result "1-0"]
[PlyCount "161"]
[EventDate "2012.12.05"]

1. d4 d5 2. c4 e6 3. Nc3 Nf6 4. cxd5 exd5 5. Bg5 Be7 6. e3 c6 7. Bd3 h6 8. Bh4
Nbd7 9. Nf3 O-O 10. O-O Re8 11. Rb1 a5 12. Qc2 Nf8 13. Ne5 Ng4 14. Bxe7 Qxe7
15. Nf3 Nf6 16. Na4 N8d7 17. Rbc1 Ne4 18. Bxe4 Qxe4 19. Qxe4 Rxe4 20. Nd2 Re8
21. Nb3 Ra6 22. Rfe1 b5 23. Nac5 Nxc5 24. Nxc5 Rb6 25. h3 a4 26. Re2 Bf5 27. g4
Bg6 28. Nd7 Ra6 29. f3 f6 30. Nc5 Rb6 31. Kf2 Re7 32. f4 Be4 33. f5 Kf7 34.
Nxe4 Rxe4 35. Rec2 h5 36. Kf3 hxg4+ 37. hxg4 Rb7 38. Rxc6 Rbe7 39. R1c3 b4 40.
Rd3 Rb7 41. Ra6 a3 42. bxa3 bxa3 43. Rdxa3 Rb1 44. Rc3 Rf1+ 45. Kg2 Re1 46. Kf2
Rb1 47. a4 Rxg4 48. Rc8 Rb7 49. Rd6 g6 50. Rxd5 gxf5 51. Rb5 Ra7 52. a5 Rg5 53.
Rcc5 Kg6 54. Kf3 Rh5 55. Rc8 Rh3+ 56. Kf2 Re7 57. Rg8+ Kf7 58. Rg3 Rh2+ 59. Kf3
Rh5 60. a6 Rh8 61. Kg2 Ra8 62. Rb6 f4 63. exf4 Re2+ 64. Kf3 Ra2 65. f5 R2xa6
66. Rxa6 Rxa6 67. Ke4 Ra1 68. Rb3 Re1+ 69. Kd5 Rf1 70. Rb7+ Kg8 71. Ke6 Rd1 72.
d5 Re1+ 73. Kxf6 Re8 74. Re7 Rd8 75. Ke6 Kf8 76. d6 Kg8 77. Rc7 Re8+ 78. Kf6
Rf8+ 79. Kg6 Rd8 80. d7 Kf8 81. f6 1-0

[Event "XXXIII Memorial Edoardo Crespi B"]
[Site "Milano ITA"]
[Date "2012.12.09"]
[Round "7"]
[White "Aloe, Giancarlo"]
[Black "Paulovich, Adriano"]
[WhiteElo "1666"]
[BlackElo "1690"]
[Result "1-0"]
[PlyCount "77"]
[EventDate "2012.12.05"]

1. d4 Nf6 2. Nf3 d6 3. c4 g6 4. g3 c5 5. Bg2 Bg7 6. O-O cxd4 7. Nxd4 O-O 8. Nc3
Nbd7 9. Qc2 Rb8 10. Rb1 Nc5 11. b3 Ne6 12. Nf3 Bd7 13. Bb2 Bc6 14. Rbd1 Qa5 15.
Ba1 b5 16. Nd5 Bxd5 17. cxd5 Nc5 18. Nd4 Rbc8 19. Nc6 Qc7 20. Bc3 Nb7 21. Bxf6
Bxf6 22. Rc1 a6 23. Qd2 Qb6 24. Rc2 Rce8 25. Bh3 e6 26. Qf4 Bg7 27. Qh4 Qc7 28.
dxe6 fxe6 29. Nd4 Qf7 30. Qg4 Bxd4 31. Qxd4 Nc5 32. Qxd6 Ne4 33. Qxa6 Ng5 34.
Bg2 Qf5 35. Rc7 Qe5 36. Qa7 Rc8 37. Rxc8 Rxc8 38. f4 Qxe2 39. fxg5 1-0

[Event "XXXIII Memorial Edoardo Crespi B"]
[Site "Milano ITA"]
[Date "2012.12.09"]
[Round "7"]
[White "Baccarin, Stefano"]
[Black "Podetti, Davide"]
[WhiteElo "1701"]
[BlackElo "1712"]
[Result "0-1"]
[PlyCount "64"]
[EventDate "2012.12.05"]

1. e4 e5 2. Nf3 Nc6 3. Bb5 a6 4. Ba4 Nf6 5. d3 d6 6. c3 Bd7 7. Nbd2 Be7 8. Nf1
O-O 9. Ne3 Re8 10. Bb3 Be6 11. Bxe6 fxe6 12. Ng5 Qc8 13. Ng4 d5 14. Nxf6+ Bxf6
15. Qg4 Qd7 16. Bd2 Bxg5 17. Bxg5 Qf7 18. O-O-O d4 19. h4 dxc3 20. bxc3 Qxf2
21. Rd2 Qc5 22. Rc2 Qa3+ 23. Kd2 Qd6 24. Bf6 Qd7 25. Ke3 Rf8 26. Rf2 Kh8 27.
Bg5 Rxf2 28. Kxf2 Qxd3 29. Rd1 Rf8+ 30. Kg1 Qxc3 31. Rd7 Qe1+ 32. Kh2 Rf1 0-1

[Event "XXXIII Memorial Edoardo Crespi B"]
[Site "Milano ITA"]
[Date "2012.12.09"]
[Round "7"]
[White "Bertora, Silvano"]
[Black "Lamperti, Gianloris"]
[WhiteElo "1618"]
[BlackElo "1679"]
[Result "0-1"]
[PlyCount "91"]
[EventDate "2012.12.05"]

1. c4 e6 2. d4 Nf6 3. Nc3 Bb4 4. Bd2 c5 5. a3 Bxc3 6. Bxc3 cxd4 7. Bxd4 Nc6 8.
Be3 O-O 9. Nf3 b6 10. Qc2 Bb7 11. Bd2 Rc8 12. b4 d5 13. Bg5 h6 14. Bxf6 Qxf6
15. Rd1 dxc4 16. e3 Ne5 17. Nxe5 Qxe5 18. h4 b5 19. Rh3 Rfd8 20. f4 Rxd1+ 21.
Qxd1 Qc3+ 22. Qd2 Qxa3 23. e4 Qa1+ 24. Kf2 Qf6 25. e5 Qe7 26. Qc3 Be4 27. Be2
Bf5 28. g4 Bh7 29. g5 hxg5 30. hxg5 Bf5 31. Rh2 g6 32. Qe1 Kf8 33. Rh7 Ke8 34.
Bf3 Qc7 35. Qh1 c3 36. Qh6 Ke7 37. Qg7 Rf8 38. Bh5 gxh5 39. g6 Bxg6 40. Qxg6 c2
41. Qf6+ Ke8 42. Qxe6+ fxe6 43. Rxc7 Rxf4+ 44. Ke3 Rc4 45. Rxc4 bxc4 46. Kd2
0-1

[Event "XXXIII Memorial Edoardo Crespi B"]
[Site "Milano ITA"]
[Date "2012.12.09"]
[Round "7"]
[White "Botta, Massimiliano"]
[Black "Libutti, Michele"]
[WhiteElo "1653"]
[BlackElo "1736"]
[Result "1/2-1/2"]
[PlyCount "27"]
[EventDate "2012.12.05"]

1. e4 c6 2. d4 d5 3. Nc3 dxe4 4. Nxe4 Nd7 5. Nf3 Ngf6 6. Ng3 e6 7. c4 Bb4+ 8.
Bd2 Qa5 9. Be2 O-O 10. O-O Bxd2 11. Nxd2 e5 12. Nb3 Qb6 13. Re1 exd4 14. Qxd4
1/2-1/2

[Event "XXXIII Memorial Edoardo Crespi B"]
[Site "Milano ITA"]
[Date "2012.12.09"]
[Round "7"]
[White "Brambilla, Luca Massimo"]
[Black "Izzo, Riccardo"]
[WhiteElo "1692"]
[BlackElo "1653"]
[Result "1-0"]
[PlyCount "79"]
[EventDate "2012.12.05"]

1. d4 d5 2. c4 e6 3. Nf3 Nd7 4. Nc3 Ngf6 5. e3 Bb4 6. Qb3 Bxc3+ 7. bxc3 b6 8.
cxd5 Nxd5 9. c4 N5f6 10. Ba3 Bb7 11. Be2 Rc8 12. c5 Bd5 13. Qc2 bxc5 14. dxc5
c6 15. Qa4 O-O 16. O-O Qc7 17. Nd2 Qe5 18. Bf3 Bxf3 19. Nxf3 Qc7 20. Rfd1 Rb8
21. Nd4 Rfc8 22. Nb3 Nd5 23. Rac1 N7f6 24. g3 Rd8 25. e4 Ne7 26. Bb4 Rxd1+ 27.
Rxd1 Nxe4 28. Ba5 Qe5 29. Rd7 Nxc5 30. Nxc5 Qxc5 31. Bb4 Qc1+ 32. Kg2 Ng6 33.
Qxa7 Re8 34. Rxf7 Qb2 35. Qd7 Rb8 36. Qxe6 Kh8 37. Bd6 Rg8 38. h4 Qb5 39. Rf5
Qxf5 40. Qxf5 1-0